Umbrella Academy Episode Title Quiz - Statistics

General Stats
  • This quiz has been taken 37 times
  • The average score is 8 of 30
Answer Stats
Hint Answer % Correct
Episode 1 We Only See Each Other at Weddings and Funerals
70%
Episode 2 Run Boy Run
44%
Episode 7 The Day That Was
44%
Episode 6 The Day That Wasn't
44%
Episode 10 The White Violin
41%
Episode 5 Number Five
37%
Episode 1 Right Back Where We Started
37%
Episode 8 Wedding at The End of The World
37%
Episode 4 Kugelblitz
33%
Episode 6 Marigold
33%
Episode 10 Oblivion
33%
Episode 7 Öga for Öga
33%
Episode 3 Extra Ordinary
30%
Episode 8 I Heard A Rumor
30%
Episode 4 Man on the Moon
30%
Episode 10 The End of Something
30%
Episode 9 Changes
26%
Episode 1 Meet The Family
26%
Episode 9 743
22%
Episode 7 Auf Wiedersehen
22%
Episode 4 The Majestic 12
19%
Episode 8 The Seven Stages
19%
Episode 5 Valhalla
19%
Episode 6 A Light Supper
15%
Episode 2 The Frankel Footage
15%
Episode 2 World's Biggest Ball of Twine
15%
Episode 3 Pocket Full of Lightning
11%
Episode 3 The Swedish Job
11%
Episode 5 Kindest Cut
7%
Episode 9 Seven Balls
0%
No matching quizzes found
Score Distribution
Percent of People with Each Score
Percentile by Number Answered
Your Score History
You have not taken this quiz